Learning and strategies of chemistry / (Record no. 40625)

MARC details
000 -LEADER
fixed length control field 00693nam a22002057a 4500
005 - DATE AND TIME OF LATEST TRANSACTION
control field 20100810124428.0
010 ## - LCCN (DPL NO)
LC control number ENG-99398
020 ## - INTERNATIONAL STANDARD BOOK NUMBER
International Standard Book Number 9788190717793
Terms of availability 50.00
035 ## - SYSTEM CONTROL NUMBER
System control number EN-82930
037 ## - SOURCE OF ACQUISITION
Source of stock number/acquisition DBAD/PUB
082 ## - DEWEY DECIMAL CLASSIFICATION NUMBER
Classification number 540
100 ## - MAIN ENTRY--PERSONAL NAME
Personal name Arulvani, K.
245 ## - TITLE STATEMENT
Title Learning and strategies of chemistry /
Statement of responsibility, etc by K. Arulvani
260 ## - PUBLICATION, DISTRIBUTION, ETC. (IMPRINT)
Place of publication, distribution, etc Chennai
Name of publisher, distributor, etc Vellottam Veletagam
Date of publication, distribution, etc 2008
270 ## - ADDRESS
Address 364/82, Muduchur Salai Tambaram (W)
City Chennai
Postal code 45
300 ## - PHYSICAL DESCRIPTION
Extent 91p.
Dimensions 20cm (pbk)
650 ## - SUBJECT ADDED ENTRY--TOPICAL TERM
Topical term or geographic name as entry element Chemistry - Learning & Strategies
942 ## - ADDED ENTRY ELEMENTS (KOHA)
Source of classification or shelving scheme Dewey Decimal Classification
Item type English Books
Classification part 540
Call number suffix ARU
Holdings
Withdrawn status Lost status Not for loan Collection code Home library Current library Date acquired Source of acquisition Cost, normal purchase price Full call number Barcode Copy number Cost, replacement price Koha item type
    Not For Loan Non-fiction D.B.Act.Division D.B.Act.Division 10/08/2010 DBAD/PUB 50.00 540 ARU EN-82930 1 50.00 English Books

© Delhi Public Library
Hit Counter
free hit counter